[Event "Moscow-ch (Women)"]
[Site "Moscow"]
[Date "2012.03.18"]
[Round "2"]
[White "Utiatskaja, Irina"]
[Black "Tereshechkina, Maya"]
[Result "1/2-1/2"]
[WhiteElo "1915"]
[BlackElo "2064"]
[PlyCount "64"]
[EventDate "2012.03.17"]
[EventType "swiss"]
[EventRounds "9"]
[EventCountry "RUS"]
[SourceTitle "CBM 147 Extra"]
[Source "ChessBase"]
[SourceDate "2012.04.24"]
[SourceVersion "1"]
[SourceVersionDate "2012.04.24"]
[SourceQuality "1"]

1. e4 c5 2. Nf3 Nc6 3. d4 cxd4 4. Nxd4 e5 5. Nb5 d6 6. N1c3 a6 7. Na3 b5 8. Nd5 Nce7 9. c4 Nxd5 10. exd5 bxc4 11. Nxc4 Be7 12. Bd2 Rb8 13. Ba5 Qd7 14. Nb6 Qb7 15. Qa4+ Kf8 16. Rc1 Nf6 17. Qc6 Bf5 18. Bxa6 Qa7 19. b4 g6 20. 0-0 Kg7 21. Be2 Be4 22. Rfd1 Bd8 23. Nc4 Bxa5 24. bxa5 Rhd8 25. Kf1 Rbc8 26. Qb6 Qd7 27. Ne3 Rb8 28. Qc6 Qa7 29. a6 Rb2 30. a4 Ne8 31. Qc3 Rbb8 32. Bb5 Rdc8 1/2-1/2

[Event "Moscow-ch (Women)"]
[Site "Moscow"]
[Date "2012.03.17"]
[Round "1"]
[White "Tereshechkina, Maya"]
[Black "Fominykh, Maria"]
[Result "0-1"]
[WhiteElo "2064"]
[BlackElo "2278"]
[PlyCount "56"]
[EventDate "2012.03.17"]
[EventType "swiss"]
[EventRounds "9"]
[EventCountry "RUS"]
[SourceTitle "CBM 147 Extra"]
[Source "ChessBase"]
[SourceDate "2012.04.24"]
[SourceVersion "1"]
[SourceVersionDate "2012.04.24"]
[SourceQuality "1"]

1. d4 d6 2. c4 e5 3. e3 Nc6 4. Nc3 g6 5. d5 Nce7 6. Bd3 f5 7. Nge2 Bg7 8. f4 Nh6 9. fxe5 dxe5 10. 0-0 0-0 11. c5 Kh8 12. Bc4 b6 13. d6 cxd6 14. Qxd6 Bb7 15. Rd1 Nc6 16. Qe6 Qh4 17. Bd5 Rfe8 18. g3 Qh3 19. Qd7 Ng4 20. Bg2 Qxh2+ 21. Kf1 Na5 22. Rd5 Bc6 23. Qf7 Nc4 24. Nd1 Rad8 25. b3 Nh6 26. Qxa7 Bxd5 27. Bxd5 Rxd5 28. Ndc3 Ng4 0-1

[Event "Moscow op (Women)"]
[Site "Moscow"]
[Date "2012.02.04"]
[Round "8"]
[White "Tereshechkina, Maya"]
[Black "Davletbayeva, Madina"]
[Result "0-1"]
[WhiteElo "2070"]
[BlackElo "2236"]
[PlyCount "84"]
[EventDate "2012.01.28"]
[EventType "swiss"]
[EventRounds "9"]
[EventCountry "RUS"]
[SourceTitle "CBM 146 Extra"]
[Source "ChessBase"]
[SourceDate "2012.02.29"]
[SourceVersion "1"]
[SourceVersionDate "2012.02.29"]
[SourceQuality "1"]

1. d4 Nf6 2. c4 g6 3. g3 Bg7 4. Bg2 0-0 5. Nc3 d6 6. Nf3 Nc6 7. 0-0 a6 8. d5 Na5 9. Nd2 c5 10. Rb1 Rb8 11. e3 Bd7 12. Qe2 Qc8 13. b3 b5 14. Bb2 bxc4 15. bxc4 Ng4 16. Ba1 Ne5 17. Rxb8 Qxb8 18. Rb1 Qc7 19. f4 Ng4 20. Nce4 Rb8 21. Rxb8+ Qxb8 22. Bxg7 Kxg7 23. Bh3 h5 24. Nf2 Qb2 25. Nxg4 hxg4 26. Bf1 Qxa2 27. e4 Nb3 28. Nxb3 Qxb3 29. e5 Bf5 30. exd6 exd6 31. Qe7 a5 32. Be2 Qc3 33. Kf1 Qf6 34. Qxf6+ Kxf6 35. Ke1 g5 36. Kd2 gxf4 37. gxf4 Kg6 38. Kc3 Bd7 39. Bd3+ Kh5 40. Kb3 Kh4 41. Bh7 Kh3 42. Bg8 Be8 0-1

[Event "Moscow op (Women)"]
[Site "Moscow"]
[Date "2012.02.02"]
[Round "6"]
[White "Tereshechkina, Maya"]
[Black "Karnaukhova, Elmira"]
[Result "0-1"]
[WhiteElo "2070"]
[BlackElo "2328"]
[PlyCount "46"]
[EventDate "2012.01.28"]
[EventType "swiss"]
[EventRounds "9"]
[EventCountry "RUS"]
[SourceTitle "CBM 146 Extra"]
[Source "ChessBase"]
[SourceDate "2012.02.29"]
[SourceVersion "1"]
[SourceVersionDate "2012.02.29"]
[SourceQuality "1"]

1. d4 Nf6 2. c4 g6 3. Nf3 Bg7 4. g3 0-0 5. Bg2 d6 6. Nc3 Nbd7 7. 0-0 e5 8. h3 c6 9. e4 exd4 10. Nxd4 Qb6 11. Re1 Ng4 12. hxg4 Bxd4 13. Re2 Be5 14. Be3 Qb4 15. Rc2 Nf6 16. Bf3 Be6 17. Be2 Bxc4 18. f4 Bxe2 19. Nxe2 Nxg4 20. Bd2 Qb6+ 21. Kg2 Qf2+ 22. Kh3 Qh2+ 23. Kxg4 Qh5# 0-1

[Event "Moscow op (Women)"]
[Site "Moscow"]
[Date "2012.01.29"]
[Round "2"]
[White "Ivkina, Olga"]
[Black "Tereshechkina, Maya"]
[Result "1/2-1/2"]
[WhiteElo "2275"]
[BlackElo "2070"]
[PlyCount "72"]
[EventDate "2012.01.28"]
[EventType "swiss"]
[EventRounds "9"]
[EventCountry "RUS"]
[SourceTitle "CBM 146 Extra"]
[Source "ChessBase"]
[SourceDate "2012.02.29"]
[SourceVersion "1"]
[SourceVersionDate "2012.02.29"]
[SourceQuality "1"]

1. e4 c5 2. Nf3 Nc6 3. d4 cxd4 4. Nxd4 e5 5. Nb5 d6 6. c4 g6 7. N1c3 a6 8. Na3 Be6 9. Nc2 Bg7 10. Be3 Nge7 11. Nd5 Bxd5 12. cxd5 Nd4 13. Bd3 0-0 14. 0-0 Nxc2 15. Qxc2 f5 16. Qb3 Qd7 17. Bb6 fxe4 18. Bxe4 Nf5 19. a4 Nd4 20. Qd1 a5 21. Rc1 Rfc8 22. Rc3 Rxc3 23. bxc3 Ra6 24. Bxd4 exd4 25. cxd4 Rb6 26. Bf3 Rb4 27. Bg4 Qxa4 28. Be6+ Kh8 29. Qf3 h5 30. Bf7 Qc2 31. Qe3 Kh7 32. Qe8 Kh6 33. Qe3+ Kh7 34. Qe8 Kh6 35. Qe3+ Kh7 36. Qe8 Kh6 1/2-1/2

[Event "Moscow op-F (Women)"]
[Site "Moscow"]
[Date "2011.02.06"]
[Round "9"]
[White "Schepetkova, Margarita"]
[Black "Tereshechkina, Maya"]
[Result "1/2-1/2"]
[WhiteElo "2148"]
[BlackElo "2026"]
[PlyCount "38"]
[EventDate "2011.01.29"]
[EventType "swiss"]
[EventRounds "9"]
[EventCountry "RUS"]
[SourceTitle "CBM 140 Extra"]
[Source "ChessBase"]
[SourceDate "2011.03.01"]
[SourceVersion "1"]
[SourceVersionDate "2011.03.01"]
[SourceQuality "1"]

1. e4 c5 2. Nf3 e6 3. d4 cxd4 4. Nxd4 Nf6 5. Nc3 d6 6. Be3 Be7 7. Bc4 0-0 8. Qe2 a6 9. g4 d5 10. exd5 exd5 11. g5 dxc4 12. gxf6 Bxf6 13. 0-0-0 Qa5 14. Qxc4 Nc6 15. Ne4 Bxd4 16. Bxd4 Nxd4 17. Qxd4 Bf5 18. Rhg1 Bg6 19. a3 Rfd8 1/2-1/2